Una histórica institución municipal de carácter económico : La Tabla de cambio y comunes depósitos de la ciudad de Gerona / Luis Marqués Carbó... La Tabla de cambio y comunes depósitos de la ciudad de Gerona / Luis Marqués Carbó...
Descripción Física:
118 p. ; 24 cm
MARC
| LEADER | 00000nam a2200000Ia 4500 | ||
|---|---|---|---|
| 001 | 11583 | ||
| 008 | 160829s1952 xx 000 0 cat d | ||
| 080 | |a M-2-94 | ||
| 100 | |a Marqués Carbó, Luis |9 24231 | ||
| 245 | |a Una histórica institución municipal de carácter económico : |b La Tabla de cambio y comunes depósitos de la ciudad de Gerona / Luis Marqués Carbó... | ||
| 260 | |a Madrid : |b Instituto de Estudios de Administración Local, |c 1952 | ||
| 300 | |a 118 p. ; |c 24 cm | ||
| 650 | |a Història econòmica |x Girona |x S. XV |9 33200 | ||
| 650 | |a Bancs |x Girona |x Història |9 33201 | ||
| 710 | 2 | |a Instituto de Estudios de Administración Local (Espanya) |9 54775 | |
| 901 | |a Arxiu | ||
| 942 | |n 1 | ||
| 952 | |0 0 |1 0 |4 0 |6 M294 |7 1 |9 46230 |a Arxiu |b Arxiu |d 2016-12-01 |l 0 |o M-2-94 |p 11583 |r 2016-12-01 00:00:00 |w 2016-12-01 |y ARXIU | ||
| 999 | |c 49732 |d 49732 | ||